Loading...
| Literature - European | 0 | 8 | 0 | 0 | 80 | 46 | 90.50 | 3 | 7 | 29.09 | 60.00 |
| Literature - American | 0 | 8 | 2 | 1 | 70 | 43 | 96.75 | 3 | 7 | 25.78 | 60.00 |
| Science - Chemistry | 0 | 7 | 1 | 0 | 65 | 11 | 50.14 | 6 | 7 | 38.53 | 65.00 |
| Literature - British | 0 | 7 | 2 | 0 | 60 | 16 | 61.00 | 3 | 7 | 39.62 | 52.50 |
| Fine Arts - Classical Music | 0 | 5 | 1 | 0 | 45 | 19 | 72.40 | 1 | 5 | 20.40 | 32.50 |
| Fine Arts - Painting and Sculpture | 0 | 4 | 0 | 1 | 40 | 77 | 106.75 | 1 | 2 | 6.22 | 20.00 |
| Literature - World | 0 | 4 | 0 | 0 | 40 | 69 | 80.25 | 2 | 2 | 16.09 | 22.50 |
| Science - Biology | 0 | 4 | 2 | 0 | 30 | 26 | 52.75 | 3 | 4 | 21.17 | 35.00 |
| Fine Arts - Other | 0 | 3 | 0 | 1 | 30 | 104 | 110.33 | 1 | 2 | 4.70 | 20.00 |
| Social Science | 0 | 3 | 1 | 1 | 25 | 31 | 77.33 | 2 | 2 | 8.91 | 22.50 |
| Other Academic | 0 | 2 | 0 | 0 | 20 | 46 | 64.50 | 0 | 2 | 33.07 | 50.00 |
| History - American | 0 | 2 | 0 | 1 | 20 | 106 | 116.00 | 0 | 2 | 1.52 | 7.50 |
| Science - Physics | 0 | 2 | 1 | 0 | 15 | 35 | 51.00 | 1 | 2 | 11.37 | 17.50 |
| Philosophy | 0 | 1 | 0 | 0 | 10 | 93 | 93.00 | 1 | 1 | 2.56 | 10.00 |
| Geography | 0 | 1 | 0 | 1 | 10 | 124 | 124.00 | 1 | 1 | 0.00 | 12.50 |
| Science - Other | 0 | 1 | 1 | 1 | 5 | 102 | 102.00 | 0 | 1 | 0.00 | 2.50 |
| History - Other | 0 | 1 | 1 | 0 | 5 | 72 | 72.00 | 0 | 1 | 4.67 | 7.50 |